LEADER 01188nam a2200289 u 4500 001 000000001807 003 CaOOAMICUS 005 20070226104343.0 008 940514s1979 vc u000 u ita u 035 $a10044970 040 $aPUL(R)$bita 100 1 $aCenacchi, Giuseppe.$0(OLS)http://pul/name/1964 245 10$aIntroduzione alla filosofia /$cGiuseppe Cenacchi. 260 $aCittà del Vaticano :$bLibreria editrice vaticana,$c1979. 300 $a206 p. ;$c25 cm 490 1 $aSaggi filosofici ;$v1 504 $aBibliografia: p. [193]-197. 830 0$aSaggi filosofici ;$v1.$0(OLS)http://pul/title/2713 850 $aPUL 852 $aPUL$W1$xDP1 Fondo Giannini$y60$m1555 B 6$j2403$nBK-PRI$b $qFondi$B2403$CPULBib$Z2$F2403 $H $81 852 $aPUL$W1$xSL Filosofia 1$y2$m96 A 42$j2404$nBK-PRI$b $qStampati$B2404$CPULBib$Z2$F2404 $H $81 941 1 $a8 941 1 $a1 961 $aINV: Fondo Giannini 961 $aINV: 47299 996 $6245$aIntroduzione alla filosofia$9(OLS)http://pul/title/2712 996 $6260$aCittà del Vaticano :$bLibreria editrice vaticana$9(OLS)http://pul/publisher/47920 LEADER 01740nam a2200361 u 4500 001 000000003831 003 CaOOAMICUS 005 20070226104602.0 008 941010s1991 it u000 u ita u 020 $a883119173X 035 $a10101616 040 $aPUL(R)$bita$dEFR 041 1 $aita$alat 245 03$aLe fonti latine su Sant'Ambrogio /$ca cura di Gabriele Banterle. 246 38$aOpera omnia di Sant'Ambrogio 260 $aMilano :$bBiblioteca Ambrosiana ;$aRoma :$bCittà Nuova,$c1991. 300 $a280 p. ;$c24 cm 490 1 $aTutte le opere di sant'Ambrogio.$aSussidi ;$v24, 2 500 $aIndici: p. [261]-278. 504 $a"Bibliografia essenziale": p. [21]-24. 600 04$aAmbrosius,$cs., vesc. di Milano,$dc. 340-397.$0(OLS)http://pul/subject/2062 700 1 $aBanterle, Gabriele.$0(OLS)http://pul/name/3254 800 0 $aAmbrosius,$cs., vesc. di Milano,$dc. 340-397.$tOpere$9(Ambrosius, s., vesc. di Milano, c. 340-397)$lItaliano e latino ;$v24, 2.$0(OLS)http://pul/nameTitle/12$0(OLS)http://pul/name/2126$0(OLS)http://pul/title/2924 830 0$aTutte le opere di sant'Ambrogio.$pSussidi ;$v24, 2.$0(OLS)http://pul/title/5597 850 $aPUL 852 $aPUL$W1$xSL Religione 1$y3$m21 L 24/2$j5282$nBK-PRI$b $qStampati$B5282$CPULBib$Z2$F5282 $H $81 941 1 $a8 961 $aINV: 67684 996 $6020$a883119173X$9(OLS)http://pul/number/4987 996 $6245$aLe fonti latine su Sant'Ambrogio$9(OLS)http://pul/title/5595 996 $6246$aOpera omnia di Sant'Ambrogio$9(OLS)http://pul/title/5596 996 $6260$aMilano :$bBiblioteca Ambrosiana$9(OLS)http://pul/publisher/49058 996 $6260$aRoma :$bCittà Nuova$9(OLS)http://pul/publisher/47927 LEADER 01134nam a2200277 u 4500 001 000000005255 003 CaOOAMICUS 005 20070226104736.0 008 940531s1983 be f u000 u eng u 035 $a10138815 040 $aPUL(R)$bita 245 00$aBenedictine culture 750-1050 /$cedited by W. Lourdaux and D. Verhelst. 260 $aLeuven :$bLeuven university press,$c1983. 300 $axiii, 239 p. :$btav. ;$c25 cm 490 1 $aMediaevalia Lovaniensia.$aSeries 1, Studia ;$v11 500 $aContiene indice. 504 $aBibliografia in nota. 700 1 $aVerhelst, D.$0(OLS)http://pul/name/5498 700 1 $aLourdaux, W.,$d1923-1989.$0(OLS)http://pul/name/5497 830 0$aMediaevalia Lovaniensia.$nSeries 1,$pStudia ;$v11.$0(OLS)http://pul/title/1024 850 $aPUL 852 $aPUL$W1$xSL Filosofia 1$y2$m106 F 65$j7369$nBK-PRI$b $qStampati$B7369$CPULBib$Z2$F7369 $H $81 941 1 $a8 961 $aINV: 53332 996 $6245$aBenedictine culture 750-1050$9(OLS)http://pul/title/7691 996 $6260$aLeuven :$bLeuven university press$9(OLS)http://pul/publisher/50837